Statistics for The Full 2022 NFL Draft

Click here to take the quiz!

General Stats

  • This quiz has been taken 81 times
  • The average score is 102 of 262

Answer Stats

PickPlayerTeamPositionCollege% Correct
2Aidan HutchinsonDetroit LionsDEMichigan
95%
141Damarion WilliamsBaltimore RavensCBHouston
94%
12Jameson WilliamsDetroit LionsWRAlabama
94%
135Joshua WilliamsKansas City ChiefsCBFayetteville State
94%
164Kyren WilliamsLos Angeles RamsRBNotre Dame
94%
56Sam WilliamsDallas CowboysDEOle Miss
94%
10Garrett WilsonNew York JetsWROhio State
92%
11Chris OlaveNew Orleans SaintsWROhio State
91%
8Drake LondonAtlanta FalconsWRUSC
91%
20Kenny PickettPittsburgh SteelersQBPittsburgh
91%
4Ahmad GardnerNew York JetsCBCincinnati
89%
41Kenneth Walker IIISeattle SeahawksRBMichigan State
89%
22Quay WalkerGreen Bay PackersLBGeorgia
89%
249Rasheed WalkerGreen Bay PackersOTPenn State
89%
1Travon WalkerJacksonville JaguarsDEGeorgia
89%
120Brandon SmithCarolina PanthersLBPenn State
84%
215Lecitus SmithArizona CardinalsOGVirginia Tecn
84%
18Treylon BurksTennessee TitansWRArkansas
84%
24Tyler SmithDallas CowboysOTTulsa
84%
158Tyreke SmithSeattle SeahawksDEOhio State
84%
36Breece HallNew York JetsRBIowa State
83%
3Derek Stingley Jr.Houston TexansCBLSU
83%
16Jahan DotsonWashington CommandersWRPenn State
83%
119Jalyn Armour-DavisBaltimore RavensCBAlabama
83%
13Jordan DavisPhiladelphia EaglesDTGeorgia
83%
220Kalia DavisSan Francisco 49ersDTUCF
83%
33Logan HallTampa Bay BuccaneersDEHouston
83%
159Eric JohnsonIndianapolis ColtsDTMissouri State
81%
26Jermaine JohnsonNew York JetsDEFlorida State
81%
5Kayvon ThibodeauxNew York GiantsDEOregon
81%
14Kyle HamiltonBaltimore RavensSNotre Dame
81%
181Kyron JohnsonPhiladelphia EaglesLBKansas
81%
259Nazeeh JohnsonKansas City ChiefsSMarshall
81%
17Zion JohnsonLos Angeles ChargersOGBoston College
81%
34Christian WatsonGreen Bay PackersWRNorth Dakota State
80%
7Evan NealNew York GiantsOTAlabama
80%
243Jaylen WatsonKansas City ChiefsCBWashington State
80%
9Charles CrossSeattle SeahawksOTMississippi State
77%
96Nick CrossIndianapolis ColtsSMaryland
77%
168Braxton JonesChicago BearsOTSouthern Utah
75%
121Jack JonesNew England PatriotsCBArizona State
75%
15Kenyon GreenHouston TexansOGTexas A&M
75%
85Marcus JonesNew England PatriotsCBHouston
75%
76Travis JonesBaltimore RavensDTUConn
75%
71Velus Jones Jr.Chicago BearsWRTennessee
75%
31Daxton HillCincinnati BengalsSMichigan
73%
86Malik WillisTennessee TitansQBLiberty
73%
30George KarlaftisKansas City ChiefsDEPurdue
72%
6Ikem EkwonuCarolina PanthersOTNorth Carolina State
72%
21Trent McDuffieKansas City ChiefsCBWashington
72%
25Tyler LinderbaumBaltimore RavensCIowa
72%
52George PickensPittsburgh SteelersWRGeorgia
70%
23Kaiir ElamBuffalo BillsCBFlorida
70%
29Cole StrangeNew England PatriotsOGChattanooga
69%
98Brian Robinson Jr.Washington CommandersRBAlabama
67%
174Dominique RobinsonChicago BearsDEMiami (OH)
67%
225Mark RobinsonPittsburgh SteelersLBOle Miss
67%
91Rachaad WhiteTampa Bay BuccaneersRBArizona State
67%
54Skyy MooreKansas City ChiefsWRWestern Michigan
67%
43Wan'Dale RobinsonNew York GiantsWRKentucky
67%
122Zamir WhiteLas Vegas RaidersRBGeorgia
67%
19Trevor PenningNew Orleans SaintsOTNorthern Iowa
64%
62Bryan CookKansas City ChiefsSCincinnati
63%
74Desmond RidderAtlanta FalconsQBCincinnati
63%
27Devin LloydJacksonville JaguarsLBUtah
63%
63James CookBuffalo BillsRBGeorgia
63%
53Alec PierceIndianapolis ColtsWRCincinnati
61%
107Dameon PierceHouston TexansRBFlorida
61%
161D'Marco JacksonNew Orleans SaintsLBAppalachian State
61%
61Drake JacksonSan Francisco 49ersDEUSC
61%
194Jordan JacksonNew Orleans SaintsDTAir Force
61%
204Theo JacksonTennessee TitansSTennessee
61%
262Brock PurdySan Francisco 49ersQBIowa State
59%
44John Metchie IIIHouston TexansWRAlabama
59%
32Lewis CineMinnesota VikingsSGeorgia
59%
94Matt CorralCarolina PanthersQBOle Miss
55%
250Brittain BrownLas Vegas RaidersRBUCLA
53%
28Devonte WyattGreen Bay PackersDTGeorgia
53%
222Montaric BrownJacksonville JaguarsCBArkansas
53%
144Sam HowellWashington CommandersQBNorth Carolina
53%
55Trey McBrideArizona CardinalsTEColorado State
52%
75Christian HarrisHouston TexansLBAlabama
50%
183Kevin HarrisNew England PatriotsRBSouth Carolina
50%
39Kyler GordonChicago BearsCBWashington
50%
50Tyquan ThorntonNew England PatriotsWRBaylor
48%
42Andrew Booth Jr.Minnesota VikingsCBClemson
47%
137Bailey ZappeNew England PatriotsQBWestern Kentucky
47%
83Nakobe DeanPhiladelphia EaglesLBGeorgia
47%
35Roger McCrearyTennessee TitansCBAuburn
47%
49Alontae TaylorNew Orleans SaintsCBTennessee
45%
48Jaquan BriskerChicago BearsSPenn State
45%
214Ja'Sir TaylorLos Angeles ChargersCBWake Forest
45%
45David OjaboBaltimore RavensDEMichigan
44%
37Jalen PitreHouston TexansSBaylor
44%
73Jelani WoodsIndianapolis ColtsTEVirginia
44%
79JT WoodsLos Angeles ChargersSBaylor
44%
202Michael Woods IICleveland BrownsWROklahoma
44%
180Matt AraizaBuffalo BillsPSan Diego State
42%
40Boye MafeSeattle SeahawksDEMinnesota
41%
226Ja'Tyre CarterChicago BearsOGSouthern
41%
95Zachary CarterCincinnati BengalsDTFlorida
41%
38Arnold EbiketieAtlanta FalconsDEPenn State
39%
99David BellCleveland BrownsWRPurdue
39%
132Romeo DoubsGreen Bay PackersWRNevada
39%
153Tariq WoolenSeattle SeahawksCBUTSA
39%
166Tycen AndersonCincinnati BengalsSToledo
39%
124Cade YorkCleveland BrownsKLSU
38%
87Cameron ThomasArizona CardinalsDESan Diego State
38%
51Cam JurgensPhiladelphia EaglesCNebraska
38%
109Coby BryantSeattle SeahawksCBCincinnati
38%
223Isaiah ThomasCleveland BrownsDEOklahoma
38%
88Jalen TolbertDallas CowboysWRSouth Alabama
38%
239Rodney Thomas IIIndianapolis ColtsSYale
38%
186Zachary ThomasChicago BearsOTSan Diego State
38%
70Chad MumaJacksonville JaguarsLBWyoming
36%
139Isaiah LikelyBaltimore RavensTECoastal Carolina
36%
123Isaiah SpillerLos Angeles ChargersRBTexas A&M
36%
77Bernhard RaimannIndianapolis ColtsOTCentral Michigan
34%
80Greg DulcichDenver BroncosTEUCLA
34%
177James MitchellDetroit LionsTEVirginia Tech
34%
111Max MitchellNew York JetsOTLouisiana
34%
106Cade OttonTampa Bay BuccaneersTEWashington
33%
115Damarri MathisDenver BroncosCBPittsburgh
33%
97Kerby JosephDetroit LionsSIllinois
33%
64Nik BonittoDenver BroncosDEOklahoma
33%
47Phidarian MathisWashington CommandersDTAlabama
33%
127Pierre Strong Jr.New England PatriotsRBSouth Dakota State
33%
247Skylar ThompsonMiami DolphinsQBKansas State
33%
84DeMarvin LealPittsburgh SteelersDETexas A&M
31%
148Khalil ShakirBuffalo BillsWRBoise State
31%
102Channing TindallMiami DolphinsLBGeorgia
30%
103Leo ChenalKansas City ChiefsLBWisconsin
30%
93Tyrion Davis-PriceSan Francisco 49ersRBLSU
30%
72Abraham LucasSeattle SeahawksOTWashington State
28%
138Calvin AustinPittsburgh SteelersWRMemphis
28%
60Cam Taylor-BrittCincinnati BengalsCBNebraska
28%
237Chase LucasDetroit LionsCBArizona State
28%
149Cole TurnerWashington CommandersTENevada
28%
176Damone ClarkDallas CowboysLBLSU
28%
112Daniel BellingerNew York GiantsTESan Diego State
28%
110Daniel FaaleleBaltimore RavensOTMinnesota
28%
59Ed IngramMinnesota VikingsOGLSU
28%
129Jake FergusonDallas CowboysTEWisconsin
28%
46Josh PaschalDetroit LionsDEKentucky
28%
201Keaontay IngramArizona CardinalsRBUSC
28%
100Myjai SandersArizona CardinalsDECincinnati
28%
200Sam RobertsNew England PatriotsDENW Missouri State
28%
78Alex WrightCleveland BrownsDEUAB
27%
131Hassan HaskinsTennessee TitansRBMichigan
27%
251Isaih PachecoKansas City ChiefsRBRutgers
27%
101Jeremy RuckertNew York JetsTEOhio State
27%
156Jerome FordCleveland BrownsRBCincinnati
27%
234Jonathan FordGreen Bay PackersDTMiami
27%
130Jordan StoutBaltimore RavensPPenn State
27%
108Perrion WinfreyCleveland BrownsDTOklahoma
27%
143Chigoziem OkonkwoTennessee TitansTEMaryland
25%
125Erik EzukanmaMiami DolphinsWRTexas Tech
25%
188Malcolm RodriguezDetroit LionsLBOklahoma State
25%
68Martin EmersonCleveland BrownsCBMississippi State
25%
69Nicholas Petit-FrereTennessee TitansOTOhio State
25%
58Troy AndersenAtlanta FalconsLBMontana State
25%
151Tyler AllgeierAtlanta FalconsRBBYU
25%
157Zyon McCollumTampa Bay BuccaneersCBSam Houston State
25%
66Brian AsamoahMinnesota VikingsLBOklahoma
23%
105Danny GraySan Francisco 49ersWRSMU
23%
163Kyle PhilipsTennessee TitansWRUCLA
23%
169Ty ChandlerMinnesota VikingsRBNorth Carolina
23%
128Charlie KolarBaltimore RavensTEIowa State
22%
90Dylan ParhamLas Vegas RaidersOGMemphis
22%
133Jake CamardaTampa Bay BuccaneersPGeorgia
22%
57Luke GoedekeTampa Bay BuccaneersOTCentral Michigan
22%
92Sean RhyanGreen Bay PackersOTUCLA
22%
154Snoop ConnerJacksonville JaguarsRBOle Miss
22%
140Zach TomGreen Bay PackersOTWake Forest
22%
229Bo MeltonSeattle SeahawksWRRutgers
20%
219Chance CampbellTennessee TitansLBOle Miss
20%
208Connor HeywardPittsburgh SteelersFBMichigan State
20%
191Jalen NailorMinnesota VikingsWRMichigan State
20%
189Amare BarnoCarolina PanthersDEVirginia Tech
19%
167DaRon BlandDallas CowboysCBFresno State
19%
212Derion KendrickLos Angeles RamsCBGeorgia
19%
67Joshua EzeuduNew York GiantsOGNorth Carolina
19%
65Luke FortnerJacksonville JaguarsCKentucky
19%
117Michael ClemonsNew York JetsDETexas A&M
19%
118Akayleb EvansMinnesota VikingsCBMissouri
17%
81Cordale FlottNew York GiantsCBLSU
17%
182Darrian BeaversNew York GiantsLBCincinnati
17%
198Grant CalcaterraPhiladelphia EaglesTESMU
17%
195Jamaree SalyerLos Angeles ChargersOGGeorgia
17%
179Kingsley EnagbareGreen Bay PackersDESouth Carolina
17%
221Tariq Castro-FieldsSan Francisco 49ersCBPenn State
17%
196Tyler BadieBaltimore RavensRBMissouri
17%
136Cordell VolsonCincinnati BengalsOTNorth Dakota State
16%
145Darian KinnardKansas City ChiefsOTKentucky
16%
175Matthew ButlerLas Vegas RaidersDTTennessee
16%
113Percy ButlerWashington CommandersSLouisiana
16%
89Terrel BernardBuffalo BillsLBBaylor
16%
199Cade MaysCarolina PanthersOGTennessee
14%
114Dane BeltonNew York GiantsSIowa
14%
233Dareke YoungSeattle SeahawksWRLenoir-Rhyne
14%
82DeAngelo MaloneAtlanta FalconsLBWestern Kentucky
14%
142Decobie DurantLos Angeles RamsCBSouth Carolina State
14%
217James Houston IVDetroit LionsLBJackson State
14%
178John RidgewayDallas CowboysDTArkansas
14%
242Kalon BarnesCarolina PanthersCBBaylor
14%
218Ko KieftTampa Bay BuccaneersTEMinnesota
14%
146Micah McFaddenNew York GiantsLBIndiana
14%
126Neil Farrell Jr.Las Vegas RaidersDTLSU
14%
238Thayer MunfordLas Vegas RaidersOTOhio State
14%
203Trestan EbnerChicago BearsRBBaylor
14%
185Christian BenfordBuffalo BillsCBVillanova
13%
147D.J. DavidsonNew York GiantsDTArizona State
13%
155Matt WaletzkoDallas CowboysOTNorth Dakota
13%
162Montrell WashingtonDenver BroncosWRSamford
13%
258Samori ToureGreen Bay PackersWRNebraska
13%
210Chasen HinesNew England PatriotsOGLSU
11%
230Chris PaulWashington CommandersOGTulsa
11%
193Devin HarperDallas CowboysLBOklahoma State
11%
252Jeffrey GunterCincinnati BengalsDECoastal Carolina
11%
213John FitzPatrickAtlanta FalconsTEGeorgia
11%
104Logan BrussLos Angeles RamsOGWisconsin
11%
170Teagan QuitorianoHouston TexansTEOregon State
11%
248Andre AnthonyTampa Bay BuccaneersDELSU
9%
245Andrew StueberNew England PatriotsOGMichigan
9%
216Curtis BrooksIndianapolis ColtsDTCincinnati
9%
254Elijah HicksChicago BearsSCalifornia
9%
116Eyioma UwazurikeDenver BroncosDTIowa State
9%
232Faion HicksDenver BroncosCBWisconsin
9%
256Jesse LuketaArizona CardinalsLBPenn State
9%
190Justin ShafferAtlanta FalconsOGGeorgia
9%
227Nick MuseMinnesota VikingsTESouth Carolina
9%
134Spencer BurfordSan Francisco 49ersOTUTSA
9%
150Thomas BookerHouston TexansDTStanford
9%
260Zander HorvathLos Angeles ChargersFBPurdue
9%
192Andrew OgletreeIndianapolis ColtsTEYoungstown State
8%
205Austin DeculusHouston TexansOTLSU
8%
224Cameron GoodeMiami DolphinsLBCalifornia
8%
244Christian MatthewArizona CardinalsCBValdosta State
8%
152Delarrin Turner-YellDenver BroncosSOklahoma
8%
171Luke WattenbergDenver BroncosCWashington
8%
257Marquis HayesArizona CardinalsOGOklahoma
8%
211Quentin LakeLos Angeles RamsSUCLA
8%
228Tariq CarpenterGreen Bay PackersLBGeorgia Tech
8%
255Trenton GIllChicago BearsPNorth Carolina State
8%
184Vederian LoweMinnesota VikingsOTIllinois
8%
241Chris OladokunPittsburgh SteelersQBSouth Dakota State
6%
240Christian HolmesWashington CommandersCBOklahoma State
6%
246Dawson DeatonCleveland BrownsCTexas Tech
6%
207Doug KramerChicago BearsCIllinois
6%
165Esezi OtomewoMinnesota VikingsDEMinnesota
6%
209Luke TenutaBuffalo BillsOTVirginia Tech
6%
206Matt HenningsenDenver BroncosDTWisconsin
6%
187Nick ZakeljSan Francisco 49ersOTFordham
6%
160Otito OgbonniaLos Angeles ChargersDTUCLA
6%
253Russ YeastLos Angeles RamsSKansas State
6%
172Samuel WomackSan Francisco 49ersCBToledo
6%
231Baylon SpectorBuffalo BillsLBClemson
5%
235Daniel HardyLos Angeles RamsLBMontana State
5%
236Deane LeonardLos Angeles ChargersCBOle Miss
5%
197Gregory JuniorJacksonville JaguarsCBOuachita Baptist
5%
173Marcus McKethanNew York GiantsOGNorth Carolina
5%
261A.J. ArcuriLos Angeles RamsOTMichigan State
3%

Score Distribution

Percentile by Number Answered

Percent of People with Each Score

Your Score History

You have not taken this quiz